| 000 | 00787nam a2200205Ia 4500 | ||
|---|---|---|---|
| 999 |
_c42284 _d42284 |
||
| 001 | 8979 | ||
| 003 | GE_BSU | ||
| 005 | 20251121150733.0 | ||
| 008 | 181216s1955||||ge |||||||||||||| ||geo|| | ||
| 040 | _cGE_BSU | ||
| 041 | _ageo | ||
| 080 | _a821.353.1–1 კ-42 | ||
| 100 |
_aკეშელავა, ბონდო _926302 |
||
| 245 |
_aგულის პასუხი : _b ლექსები / _cბონდო კეშელავა; რედ. ან.თევზაძე. |
||
| 264 |
_aთბილისი : _bსაბჭ.მწერალი, _c1955. |
||
| 300 |
_a128 გვ.; _b20 სმ. |
||
| 653 | _aლექსები | ||
| 856 |
_uhttps://dspace.nplg.gov.ge/bitstream/1234/555911/1/Gulis_Pasuxi_1955.pdf _yელ. ვერსია |
||
| 942 |
_cBK _2udc |
||